| 000 | 00752nam a2200205 i 4500 | ||
|---|---|---|---|
| 001 | 46387 | ||
| 003 | ES-MaACL | ||
| 005 | 20230906161355.0 | ||
| 007 | t| | ||
| 008 | 030328s1985 sp ||||1| spa d | ||
| 020 | _a84-259-0736-5 | ||
| 111 | 2 |
_aConferencia de Tribunales Constitucionales Europeos ( _n6º. _d1984. _cMadrid) _9196 |
|
| 245 | 1 | 0 |
_aTribunales constitucionales europeos y autonomías territoriales / _cVI Conferencia de Tribunales Constitucionales europeos, 1984. |
| 260 |
_aMadrid : _bCentro de Estudios Constitucionales, Tribunal Constitucional, _c1985. |
||
| 300 |
_a593 p. ; _c21 cm. |
||
| 490 | 1 | _aEstudios constitucionales | |
| 830 | 0 |
_aEstudios constitucionales _9180617 |
|
| 852 |
_aES-MaACL _jL-10085 |
||
| 999 |
_c46387 _d46387 |
||